| 000 | 00383nam a2200145 a 4500 | ||
|---|---|---|---|
| 001 | 1480 | ||
| 003 | CDMR | ||
| 005 | 20130116135211.0 | ||
| 008 | 130130s1940||||||||||||||||||||||||||||d | ||
| 040 |
_aCDMR _bcat _cCDMR |
||
| 100 | 1 |
_aÁlvarez Calvo, Joaquín _9806 |
|
| 245 | 1 | 0 | _aHistoria del Diario de Barcelona (1792- 1938) |
| 260 |
_aBarcelona _c1940 _bImprenta La Neotipia |
||
| 942 | _cMON | ||
| 999 |
_c1480 _d1480 |
||